Estudio a nivel de perfil del adoquinado de Camino Masatepe. San José Monte Redondo

Presenta un estudio a nivel de perfil del adoquinado de Camino Masatepe, San José Monte Redondo. El tramo de camino se encuentra en mal estado por falta de mantenimiento, los que han realizado en años anteriores con rellenos de materiales de banco y nivelación de superficie de rodamiento con mód...

Full description

Bibliographic Details
Main Author: Méndez Rivas, Víctor José
Other Authors: Tutor: Fonseca Chávez, Miguel Antonio
Format: Tesis Section = Libro
Language:Undetermined
Spanish
Published: Managua UNI 2015
Subjects:
LEADER 01210nam a2200265Ia 4500
008 240830s9999 xx 000 0 und d
040 |a BIBLIOTECA-RUPAP T.Mon 625.85 M538 
041 |a spa 
082 |a T.Mon 625.85 M538 
100 1 |a Méndez Rivas, Víctor José 
245 1 0 |a Estudio a nivel de perfil del adoquinado de Camino Masatepe. San José Monte Redondo 
260 |a Managua  |b UNI  |c 2015 
300 |a 108 p. :il. 
500 |a Contiene: anexos. 
502 |a Tesis (Ingeniero Civil)- UNI, 2015. 
520 3 |a Presenta un estudio a nivel de perfil del adoquinado de Camino Masatepe, San José Monte Redondo. El tramo de camino se encuentra en mal estado por falta de mantenimiento, los que han realizado en años anteriores con rellenos de materiales de banco y nivelación de superficie de rodamiento con módulo de construcción financiado por los gobiernos municipales. 
650 7 |a PAVIMENTOS-PROYECTOS 
650 7 |b PROYECTOS DE DESARROLLO-MASATEPE 
650 7 |c PAVIMENTOS DE HORMIGON 
650 7 |e ESTUDIO SOCIOECONOMICO 
650 7 |f CARRETERAS MANTENIMIENTO Y REPARACION 
700 1 |a Tutor:  |b Fonseca Chávez, Miguel Antonio 
942 |c BK  |2 ddc 
991 |a TESIS 
999 |c 18365